000
00265nam a2200097Ia 4500
001
652663
005
20250826154443.0
008
250824s9999 xx 000 0 und d
245
0
_a
RUBY ROGERS YÜRÜYEN BİR EFSANEYİM
_c
SUE LİMB
260
_b
ALTIN KİTAPLAR YAYINLARI
999
_c
652663
_d
652663